Plants and mineral salts. (Record no. 23883)

MARC details
000 -LEADER
fixed length control field 00346nam a2200133Ia 4500
082 ## - DEWEY DECIMAL CLASSIFICATION NUMBER
Classification number 581.192.8
Item number SUT
100 ## - MAIN ENTRY--AUTHOR NAME
Personal name BAKER, Dannis A
245 #0 - TITLE STATEMENT
Title Plants and mineral salts.
260 ## - PUBLICATION, DISTRIBUTION, ETC. (IMPRINT)
Place of publication New Delhi
Name of publisher Oxford&IBH
Year of publication 1974
650 ## - SUBJECT ADDED ENTRY--TOPICAL TERM
Topical Term Plant mineral salt
700 ## - ADDED ENTRY--PERSONAL NAME
Personal name SUTCLIFE, James F
942 ## - ADDED ENTRY ELEMENTS (KOHA)
Koha item type Books
Holdings
Withdrawn status Lost status Damaged status Not for loan Home library Current library Date acquired Full call number Accession Number Koha item type
        RRII Library RRII Library 16/12/2021 581.192.8 SUT 04577 Books